Library of Congress classification. Class Z. Bibliography and library science : (Record no. 13493)

MARC details
000 -LEADER
fixed length control field 01621cam a2200397 a 4500
001 - CONTROL NUMBER
control field 13493
005 - DATE AND TIME OF LATEST TRANSACTION
control field 20260303123156.0
008 - FIXED-LENGTH DATA ELEMENTS--GENERAL INFORMATION
fixed length control field 910128s1991 cou 001 0 eng
010 ## - LIBRARY OF CONGRESS CONTROL NUMBER
LC control number 91007544
020 ## - INTERNATIONAL STANDARD BOOK NUMBER
International Standard Book Number 0837792614 :
Terms of availability $95.00
020 ## - INTERNATIONAL STANDARD BOOK NUMBER
International Standard Book Number 9780810347441
020 ## - INTERNATIONAL STANDARD BOOK NUMBER
International Standard Book Number 081034744X
035 ## - SYSTEM CONTROL NUMBER
System control number 1541404
040 ## - CATALOGING SOURCE
Original cataloging agency DLC
Transcribing agency DLC
Modifying agency DLC
-- BSULIB
050 00 - LIBRARY OF CONGRESS CALL NUMBER
Classification number Z696.U5Z
Item number 1991
082 00 - DEWEY DECIMAL CLASSIFICATION NUMBER
Classification number 025.4/602
Edition number 20
Item number CLA
245 00 - TITLE STATEMENT
Title Library of Congress classification. Class Z. Bibliography and library science :
Remainder of title Classification Schedules Combined with Additions and Changes through 1988/
Statement of responsibility, etc Edited by Runchock Rita.
250 ## - EDITION STATEMENT
Edition statement 5th ed.
260 ## - PUBLICATION, DISTRIBUTION, ETC. (IMPRINT)
Place of publication, distribution, etc Michigan.USA :
Name of publisher, distributor, etc Gale Research Inc,
Date of publication, distribution, etc 1989.
300 ## - PHYSICAL DESCRIPTION
Extent vi, 496 p. ;
Dimensions 25 cm.
490 1# - SERIES STATEMENT
Series statement AALL publ. series ;
Volume number/sequential designation no. 40
500 ## - GENERAL NOTE
General note "Sponsored by the American Association of Law Libraries."
500 ## - GENERAL NOTE
General note Accompanied by: Supplement LC 241, Supplement LC 246, and Supplement LC 247.
500 ## - GENERAL NOTE
General note Includes index.
650 #0 - SUBJECT ADDED ENTRY--TOPICAL TERM
Topical term or geographic name as entry element Classification
General subdivision Books
-- Bibliography.
9 (RLIN) 26321
650 #0 - SUBJECT ADDED ENTRY--TOPICAL TERM
Topical term or geographic name as entry element Classification
General subdivision Books
-- Library science.
9 (RLIN) 26322
650 #0 - SUBJECT ADDED ENTRY--TOPICAL TERM
Topical term or geographic name as entry element Classification, Library of Congress.
9 (RLIN) 26323
700 1# - ADDED ENTRY--PERSONAL NAME
Personal name .
710 2# - ADDED ENTRY--CORPORATE NAME
Corporate name or jurisdiction name as entry element American Association of Law Libraries.
9 (RLIN) 26324
710 2# - ADDED ENTRY--CORPORATE NAME
Corporate name or jurisdiction name as entry element Library of Congress.
9 (RLIN) 4811
830 #0 - SERIES ADDED ENTRY--UNIFORM TITLE
Uniform title AALL publications series ;
Volume number/sequential designation no. 40.
9 (RLIN) 26325
906 ## - LOCAL DATA ELEMENT F, LDF (RLIN)
a 7
b cbc
c orignew
d 1
e ocip
f 19
g y-gencatlg
942 ## - ADDED ENTRY ELEMENTS (KOHA)
Source of classification or shelving scheme Dewey Decimal Classification
Item type Books
Holdings
Withdrawn status Lost status Source of classification or shelving scheme Damaged status Not for loan Home library Current library Shelving location Date acquired Inventory number Total Checkouts Full call number Barcode Date last seen Copy number Price effective from Koha item type Public note
    Dewey Decimal Classification     Main Library Main Library Open Shelves 03/03/2026 36150   025.4/602 CLA bsu26030016 03/03/2026 001 03/03/2026 Books Materials available in hard copy.

© 2017 Bishop Stuart University Library. All Rights Reserved.
Kakoba Campus, Plot 150 Buremba Road | P.O. Box 9, Mbarara, UGANDA | Tel: +256-772-463068
Email: library@bsu.ac.ug